Statistiques concernant Dark Souls, Personnages du Sanctuaire de Lige-Feu

Cliquez ici pour prendre le quiz!

Statistiques générales

  • Ce quiz a été pris 7 fois
  • Le résultat moyen est 6 sur 14

Statistiques - réponses

OrigineGenreNom% Correct
HumainMasculinLautrec de Carim
80%
HumainMasculinLogan le galurin
80%
HumainMasculinGuerrier Découragé
60%
HumainMasculinSiegmeyer de Catarina
60%
HumainMasculinLaurentius du Grand-Marais
40%
HumainMasculinNico de Thorolund
40%
HumainMasculinPetrus de Thorolund
40%
HumainFémininReah de Thorolund
40%
HumainFémininSieglinde de Catarina
40%
HumainMasculinVince de Thorolund
40%
HumainFémininAnastacia d'Astora
20%
InconnuInconnuFrampt le Cherche-Roi
20%
HumainMasculinPat la Hyène
20%
HumainMasculinDomnhall de Zéna
0%

Distribution des résultats

Percentile par nombre de réponses

% des personnes avec chaque résultat

Votre développement - résultats

Vous n’avez pas pris ce quiz